[Event "Voronezh op-A 22nd"]
[Site "Voronezh"]
[Date "2018.06.13"]
[Round "2"]
[White "Yagupov, Igor"]
[Black "Akash Pc, Iyer"]
[Result "0-1"]
[WhiteElo "2359"]
[BlackElo "2435"]
[PlyCount "92"]
[EventDate "2018.06.12"]
[EventType "swiss"]
[EventRounds "9"]
[EventCountry "RUS"]
[SourceTitle "CBM 185 Extra"]
[Source "ChessBase"]
[SourceDate "2018.07.29"]
[SourceVersion "1"]
[SourceVersionDate "2018.07.29"]
[SourceQuality "1"]

1. e4 e6 2. d4 d5 3. Nc3 Bb4 4. e5 b6 5. a3 Bf8 6. Nf3 Ba6 7. Bxa6 Nxa6 8. Ng5 h6 9. Qh5 g6 10. Qh3 Qd7 11. 0-0 Bg7 12. Qd3 Nb8 13. Nf3 Ne7 14. Ne2 c5 15. c3 Nbc6 16. b4 c4 17. Qc2 a6 18. a4 0-0-0 19. b5 axb5 20. axb5 Na5 21. Ba3 Kb7 22. Rfb1 Ra8 23. Nc1 Ra7 24. h4 Nf5 25. Bb4 Rha8 26. g4 Ne7 27. h5 Bf8 28. Nh4 gxh5 29. gxh5 Nf5 30. Nxf5 exf5 31. Bxa5 Rxa5 32. Rxa5 bxa5 33. Ne2 Be7 34. Ng3 Rg8 35. Kf1 Rg5 36. Qa2 Bd8 37. b6 a4 38. Rb4 f4 39. Rxa4 Bxb6 40. Ne2 Rxh5 41. Nxf4 Rh1+ 42. Kg2 Rh4 43. e6 Qe7 44. Ra8 Qg5+ 45. Kf1 Rh1+ 46. Ke2 Qg4+ 0-1

[Event "Titled Tuesday intern op 5th June"]
[Site "Chess.com INT"]
[Date "2018.06.05"]
[Round "6"]
[White "Akash Pc, Iyer"]
[Black "Leenhouts, Koen"]
[Result "1-0"]
[WhiteElo "2435"]
[BlackElo "2483"]
[PlyCount "123"]
[EventDate "2018.06.05"]
[EventType "swiss (blitz)"]
[EventRounds "10"]
[EventCountry "USA"]
[SourceTitle "EXT 2021"]
[Source "ChessBase"]
[SourceDate "2020.10.23"]
[SourceVersion "1"]
[SourceVersionDate "2020.10.23"]
[SourceQuality "1"]

1. d4 d5 2. c4 e6 3. Nc3 Nf6 4. Nf3 Be7 5. g3 0-0 6. Bg2 dxc4 7. 0-0 a6 8. a4 Nc6 9. e4 Rb8 10. e5 Nd5 11. Ne4 Ncb4 12. Bg5 h6 13. Bxe7 Qxe7 14. b3 cxb3 15. Qxb3 a5 16. Nfd2 b6 17. f4 Rd8 18. g4 Ba6 19. Rf3 c5 20. dxc5 bxc5 21. Qd1 Nd3 22. Bf1 N5xf4 23. Rxf4 Nxf4 24. Bxa6 Qa7 25. Bc4 Rd4 26. Qf3 Ng6 27. Qg3 Rb2 28. Qc3 Qb8 29. Re1 Nxe5 30. Bb5 Rbxd2 31. Nxd2 Rxg4+ 32. Kf1 Qb7 33. Ke2 Ng6 34. Kd1 Rd4 35. Qxc5 Qf3+ 36. Kc1 Qf4 37. Re2 Rd5 38. Qc8+ Kh7 39. Qc2 Qb4 40. Re3 Rc5 41. Nc4 Rc7 42. Rb3 Qe7 43. Kb2 Qf6+ 44. Ka2 Qf4 45. Rc3 Qf6 46. Kb3 Qd4 47. Nxa5 Rxc3+ 48. Qxc3 Qd1+ 49. Qc2 Qd5+ 50. Nc4 Qf3+ 51. Kb4 Qb7 52. a5 f5 53. a6 Qb8 54. Qa2 Ne7 55. a7 Nd5+ 56. Kc5 Qf8+ 57. Nd6 Qa8 58. Bc6 Qf8 59. a8Q Qf6 60. Bxd5 exd5 61. Q8xd5 Qc3+ 62. Qac4 1-0

[Event "Bhubaneswar op 11th"]
[Site "Bhubaneswar"]
[Date "2018.06.01"]
[Round "10.18"]
[White "Akash Pc, Iyer"]
[Black "Dixit, Nikhil"]
[Result "0-1"]
[WhiteElo "2432"]
[BlackElo "2271"]
[PlyCount "124"]
[EventDate "2018.05.25"]
[EventType "swiss"]
[EventRounds "10"]
[EventCountry "IND"]
[SourceTitle "CBM 184 Extra"]
[Source "ChessBase"]
[SourceDate "2018.06.28"]
[SourceVersion "1"]
[SourceVersionDate "2018.06.28"]
[SourceQuality "1"]

1. d4 g6 2. e4 Bg7 3. Nc3 c6 4. Be3 d5 5. Qd2 dxe4 6. Nxe4 Nd7 7. 0-0-0 Ngf6 8. f3 0-0 9. Bh6 Nxe4 10. fxe4 Bxh6 11. Qxh6 e5 12. dxe5 Qe7 13. e6 Qxe6 14. Nf3 Nf6 15. Kb1 Ng4 16. Qh4 Qf6 17. Qg3 Re8 18. Rd6 Be6 19. e5 Qe7 20. Bd3 Rad8 21. h3 Nh6 22. Qf4 Kg7 23. Rxd8 Qxd8 24. g4 Bd5 25. Re1 Qa5 26. g5 Nf5 27. Bxf5 gxf5 28. e6 Bxa2+ 29. Kc1 Bxe6 30. Qd4+ Kg8 31. Ne5 Rd8 32. b4 Rxd4 33. bxa5 Ra4 34. Kb2 Rxa5 35. h4 f4 36. h5 Kf8 37. c4 f3 38. Nxf3 Bg4 39. Ne5 Bxh5 40. Kc3 Ra3+ 41. Kd4 Rg3 42. Rb1 c5+ 43. Kxc5 Rxg5 44. Kd6 b6 45. Ra1 Bg6 46. Rxa7 h6 47. Ra3 Bf5 48. Rb3 h5 49. Rxb6 h4 50. Rb4 h3 51. Rb2 Be4 52. Rh2 Bg2 53. c5 f6 54. Nd7+ Kf7 55. c6 Rd5+ 56. Kc7 Rd1 57. Nc5 Rh1 58. Rxh1 Bxh1 59. Nd3 h2 60. Nf2 Bd5 61. Kb6 Kg6 62. Kc5 h1Q 0-1